| 000 | 00677nam a2200277Ia 4500 | ||
|---|---|---|---|
| 005 | 20250425162112.0 | ||
| 008 | 250425s9999 xx 000 0 und d | ||
| 020 | _a958648226X | ||
| 041 | _aspa | ||
| 043 | _ack | ||
| 082 | _a614 | ||
| 100 | _aMEJIA GARCIA, BRAULIO | ||
| 245 | 0 | _aAUDITORIA MEDICA: PARA LA GARANTIA DE CALIDAD EN SALUD | |
| 250 | _a3A ED. | ||
| 260 | _aBOGOTA | ||
| 260 |
_aColombia _bECO EDICIONES _c2000 |
||
| 300 | _a188 | ||
| 500 | _aSERIE CIENCIAS MEDICAS | ||
| 650 | _aAUDITORIA | ||
| 650 | _aCALIDAD | ||
| 650 | _aHISTORIAS CLINICAS | ||
| 650 | _aSERVICIOS DE SALUD | ||
| 710 | _aECOE EDICIONES | ||
| 942 | _c01 | ||
| 010 | _a50140 | ||
| 999 |
_c222364 _d222364 |
||